000
00327 a2200109 4500
001
ART_9540
005
20260410161836.0
008
260409a
245
1
0
_a
El tratado de Montevideo de 1980
100
1
_a
Fratalocchi, Aldo
773
0
_t
Contabilidad y administración
_g
- Año 4, Nº 47 (may. 1981)
_w
REV5485
999
_c
23660
_d
23660